|
|
|
|
| LEADER |
01485nam a22002657a 4500 |
| 001 |
42483 |
| 003 |
BD-DhAAL |
| 008 |
240421t2021 bg a|||| |||| 00| 0 ben d |
| 020 |
|
|
|a 9789843491725
|
| 040 |
|
|
|a BD-DhAAL
|c BD-DhAAL
|
| 041 |
|
|
|a ben
|
| 082 |
|
|
|a 954.9205
|2 23
|
| 245 |
|
|
|a মুক্তিযুদ্ধে স্যাপার্স :
|b স্বাধীনতা যুদ্ধে কোর অব ইঞ্জিনিয়ার্স /
|c বাংলাদেশ সেনাবাহিনী.
|
| 246 |
|
|
|a Sappers in the war of liberation :
|b role and contribution of corps of engineers in the war of liberation.
|
| 250 |
|
|
|a দ্বিতীয় সংস্করণ.
|
| 264 |
|
|
|a ঢাকা :
|b বাংলাদেশ সেনাবাহিনী,
|c ২০২১.
|
| 300 |
|
|
|a ৬০৫ পৃষ্ঠা :
|b চিত্র ;
|c ২৫ সে.মি.
|
| 504 |
|
|
|a গ্রন্থপঞ্জিগত নির্দেশিকা অন্তর্ভুক্ত।
|
| 541 |
|
|
|a Complimentary copy
|e 42483
|
| 651 |
|
|
|a Bangladesh
|x History
|y Revolution, 1971.
|
| 651 |
|
|
|a বাংলাদেশ
|x ইতিহাস
|y মুক্তিযুদ্ধ, ১৯৭১.
|
| 852 |
|
|
|a Ayesha Abed Library
|c Bangabandhu Corner
|
| 942 |
|
|
|2 ddc
|c BK
|
| 999 |
|
|
|c 46534
|d 46534
|
| 952 |
|
|
|0 0
|1 0
|2 ddc
|4 0
|6 954_920500000000000_MUK
|7 0
|9 75344
|a BRACUL
|b BRACUL
|c BNC
|d 2024-04-21
|e Complimentary copy
|g 650.00
|l 0
|o 954.9205 MUK
|p 3010042483
|r 2024-04-21
|t 1
|w 2024-04-21
|y BK
|